| 000 | 03364nam a22003257a 4500 | ||
|---|---|---|---|
| 001 | TTS 0002 | ||
| 003 | gtcocun | ||
| 005 | 20260225184703.0 | ||
| 006 | a|||||r|||| 00| 0 | ||
| 007 | ta | ||
| 008 | 260225b gt ||||| |||| 00| 0 spa d | ||
| 040 |
_agtcocun _bSPA _cgtcocun _eRDA |
||
| 041 | _aSPA TTS 0002 | ||
| 084 | _0TTS 0002 | ||
| 100 |
_aSommer Buenafe, Finner Lisbeth _eAutor |
||
| 245 |
_aPROYECTO DE AVES PONEDORAS MUJERES POQOMCHI'S Y SU IMPACTO SOCIAL/ _cFinner Lisbeth Sommer Buenafe. _hImpreso |
||
| 264 |
_aCobán, Alta Verapaz: _bUniversidad de San Carlos de Guatemala, Centro Universitario del Norte, Carrera de Trabajo Social _c2003 |
||
| 300 |
_a67 p.: _bIlustraciones, gráficas. _c28 cm; |
||
| 300 | _cPDF | ||
| 336 |
_2rdacontenido _aTexto _btxt |
||
| 337 |
_2rdamedio _aComputadora _bn |
||
| 338 |
_2rdasoporte _aCódigo en línea _bcr |
||
| 502 |
_aTesis de grado _bLicenciatura en Trabajo Social _cUniversidad de San Carlos de Guatemala, Centro Universitario del Norte, Licenciatura en Trabajo Social _d2003 _oTTS 0002 _eTTS 0002 |
||
| 520 | 1 | 4 | _aLa presente tesis de licenciatura en Trabajo Social es el producto de la evaluación ex post del proyecto de Aves Ponedoras ejecutado por el Proyecto ALA durante el periodo comprendido de mayo 2,001 a abril 2,002, en nueve comunidades del área poqomchí: Najquitob (Santa Cruz) Chituj, Mexabaj, Pampajché (San Cristóbal) Agua Fría, Chiallí, Chijuljá (Tactic) Nahchuwa y Cabiljá (Tamahú), con la participación de 90 mujeres. Dicho trabajo fue orientado por un diseño de evaluación previamente elaborado, que cumplió con los requisitos académicos exigidos por el Centro Universitario del Norte. Los resultados de la evaluación revelaron que el proyecto de aves ponedoras alcanzó sus objetivos en un 90%, lo que evidencia que hubo impacto positivo en las beneficiarias y su grupo familiar. Se determinaron cambios cualitativos tales como: el consumo de proteína animal fresca, adquisición de conocimientos y habilidades sobre el manejo y sanidad de aves ponedoras, valentía para expresarse ante otras mujeres, descubrir la capacidad de liderazgo en algunas mujeres, iniciación de trabajo en grupo y el desempeño de roles al interior de los comités; aspectos que incidieron en el crecimiento y valoración personal de las beneficiarias. En el impacto cuantitativo destaca que el 74% de las beneficiarias, con su grupo familiar mejoraron su nutrición incrementando el consumo de huevos a la semana. Entre las debilidades del proyecto se encontraron: La falta de fortalecimiento organizativo y administrativo a los comités pecuarios, que permitiera convertirlas en organizaciones sostenibles; el haber tomado a las beneficiarias solamente como ejecutoras; la ausencia de indicadores iniciales e intermedios, que permitieran medir con exactitud el impacto cuantitativo del proyecto. |
| 650 | 1 | 4 |
_2LEMB _xTrabajo Social _xAves ponedoras _xMujeres _xEvaluación _xProyecto de aves ponedoras _xGrupo familiar |
| 700 |
_aLicda. T.S. Guadalupe Barreno De Bravo _eAsesor |
||
| 856 |
_uhttps://drive.google.com/file/d/1S3fcuqMzFq8gap_0xjqRxonqxxoxi-hs/view _yPDF _zUn ejemplar en línea. |
||
| 942 |
_2ddc _cTES _iTTS 0002 _kClasificación _n0 _6TTS_0002_000000000000000 |
||
| 999 |
_c2682 _d2682 |
||